|
|
|
|
| LEADER |
00000nam0a2200000 4500 |
| 001 |
155638 |
| 005 |
20231031152527.0 |
| 010 |
|
|
|a 5253001603
|
| 020 |
|
|
|a RU
|b 90-56604
|
| 035 |
|
|
|a (RuTPU)RU\TPU\book\168817
|
| 035 |
|
|
|a RU\TPU\book\145972
|
| 090 |
|
|
|a 155638
|
| 100 |
|
|
|a 20090318d1990 c y0rusy5003 ca
|
| 101 |
1 |
|
|a rus
|c eng
|
| 102 |
|
|
|a RU
|
| 105 |
|
|
|a a z 000ay
|
| 200 |
1 |
|
|a Сказки дядюшки Римуса
|e для младшего возраста
|e пер. с англ.
|f сост. и авт. предисл. Т. Санина ; худож. Э. Назаров
|
| 210 |
|
|
|a Москва
|c Правда
|d 1990
|
| 215 |
|
|
|a 480 с.
|c ил.
|d 21 см
|
| 464 |
|
|
|a Ирвинг, Вашингтон
|
| 610 |
1 |
|
|a Сказки американские (США)
|
| 610 |
1 |
|
|a детская литература
|
| 675 |
|
|
|a 82
|z rus
|
| 702 |
|
1 |
|a Санина
|b Т.
|4 220
|
| 702 |
|
1 |
|a Назаров
|b Э.
|4 440
|
| 801 |
|
0 |
|a RU
|b RuMRKP
|c 19950417
|g psbo
|
| 801 |
|
1 |
|a RU
|b 63413507
|c 20080402
|g PSBO
|
| 801 |
|
2 |
|a RU
|b 63413507
|c 20090318
|g PSBO
|
| 942 |
|
|
|c BK
|